000 01154nam a2200373Ic 4500
001 60493
003 CO-BoRNBP
005 20260216202033.0
007 ta
008 121119s2003 ck gr 000 f spa
015 _qck-2003-xxxx
020 _a9789580467560
040 _aCO-BoRNBP
_bspa
_erda
_cCO-BoRNBP
041 1 _aspa
043 _ae-fr---
084 _aN MER1
100 1 0 _aMerimée, Prosper,
_eaut
_928551
245 1 0 _aCarmen /
_cProsper Merimee ; traducción de Humberto Barrera Orrego.
250 _aSegunda edición
264 1 _aBogotá, Colombia :
_bNorma,
_c2003
300 _a122, 64 páginas
336 _atexto
_btxt
_2rdacontent
337 _asin mediación
_bn
_2rdamedia
338 _avolumen
_bnc
_2rdacarrier
490 0 _aCara y cruz
501 _aCon : Prosper Mérimée : vida y obra
504 _aIncluye bibliografía
521 1 _aRecomendado para un público general
600 1 0 _aMerimée, Prosper,
_xCrítica e interpretación
_968819
650 1 7 _aAmor en la literatura
_2rnbp
_969
700 1 0 _aBarrera Orrego, Humberto,
_etrl
_92631
740 0 _aProsper Mérimée : vida y obra
942 _2loc
_cBKLIT
999 _c60493
_d60493